000 01130nam a2200241 i 4500
001 183963
003 ES-MaACL
005 20251009165701.0
008 150116r19741786sp h |||| | spa d
020 _a341.382(946.52)"12/14"(093.2)
245 0 0 _aAntiguos tratados de paces y alianzas entre algunos reyes de Aragón y diferentes príncipes infieles de Asia y África, desde el siglo XIII hasta el XV /
_ccopiados... por D. Antonio de Capmany, y de Montpalau, vertidos... al castellano y exôrnados con varias notas... ; índices por José Hinojosa Montalvo.
246 3 4 _aAntiguos tratados de paces y alianzas
260 _aValencia :
_bAnubar,
_c1974.
300 _aXVI p., 137 p. ;
_c22 cm.
490 1 _aTextos medievales ;
_v36
534 _pReimp. facsímil de la edición de:
_cMadrid, Imp. Real, 1786.
650 4 _aTratados internacionales-
_zAragón (Reino)
_9153330
700 1 _aCapmany y de Montpalau, Antonio de,
_d1742-1813
_934868
700 1 _aHinojosa Montalvo, José.
_963779
830 0 _aTextos medievales ;
_v36
_9179970
852 _aES-MaACL
_jE-15447
_z. - enc. tela
999 _c183963
_d183963